00000000nam 2200000za 4500
0019.833132
003CaOODSP
00520240527135430
007cr |||||||||||
008170227t2017    onc     o    f000 0 eng d
020 |a978-0-660-07786-4
040 |aCaOODSP|beng
043 |an-cn---
0861 |aCW69-14/222-2017E-PDF
24500|aCOSEWIC assessment and status report on the Blanding's Turtle, Emydoidea blandingii, Nova Scotia population, Great Lakes/St. Lawrence population, in Canada |h[electronic resource].
24615|aCOSEWIC Status Report on the Blanding’s Turtle, Emydoidea blandingii, Nova Scotia population, Great Lakes/St. Lawrence population, in Canada
260 |aOttawa : |bEnvironment and Climate Change Canada, |c2017, c2016.
300 |axix, 110 p. : |bfigures.
500 |aIssued also in French under title: Évaluation et rapport de situation du COSEPAC sur la tortue mouchetée, Emydoidea blandingii, au Canada, population de la Nouvelle-Écosse, population des Grands Lacs et du Saint-Laurent, au Canada.
500 |aCover title.
500 |a"Endangered, 2016."
500 |a"COSEWIC would like to acknowledge Teresa Piraino and Jeffie McNeil for writing the status report on Blanding’s Turtle in Canada, prepared under contract with Environment and Climate Change Canada. This report was overseen by Jim Bogart, chair of the COSEWIC Amphibians and Reptiles Species Specialist Subcommittee."
69207|2gccst|aEndangered species
69207|2gccst|aNature conservation
69207|2gccst|aReptiles
7001 |aPiraino, Teresa J.
7001 |aMcNeil, Jeffie.
7001 |aBogart, Jim.
7102 |aCommittee on the Status of Endangered Wildlife in Canada.
7102 |aCanadian Wildlife Service.
7101 |aCanada. |bEnvironment and Climate Change Canada.
77508|tÉvaluation et rapport de situation du COSEPAC sur la tortue mouchetée, Emydoidea blandingii, population de la Nouvelle-Écosse, population des Grands Lacs et du Saint-Laurent, au Canada |w(CaOODSP)9.833133
795 |tCOSEWIC assessment and update status report on the Blanding's turtle, Emydoidea blandingii, in Canada, Nova Scotia population, Great Lakes/St. Lawrence population |w(CaOODSP)9.559441
85640|qPDF|s1.86 MB|uhttps://publications.gc.ca/collections/collection_2017/eccc/CW69-14-222-2017-eng.pdf